00000000cas 2200000zi 4500
0019.962792
003CaOODSP
00520260525093512
006m     o  d f      
007cr cn ||||||||
008260514d19911996oncbx p o    f0### 0eng|d
040 |aCaOODSP|beng|erda|cCaOODSP
043 |an-cn---
0861 |aIu2-6E-PDF
1300 |aInterface (Ottawa, Ont.). |lEnglish.
24510|aInterface.
264 1|a[Ottawa] : |bIndustry, Science and Technology Canada = Industrie, sciences et technologie Canada, |c[1991-1996]
310 |aBimonthly
336 |atext|btxt|2rdacontent
337 |acomputer|bc|2rdamedia
338 |aonline resource|bcr|2rdacarrier
3621 |aBegan with: July 1991; ceased with: Spring 1996.
500 |aIssued also in French under title: Interface.
500 |aDigitized publication from print [produced by Innovation, Science and Economic Development Canada].
550 |aIssued by: Industry and Science Canada, October/November 1993; Industry Canada, 1994-1996.
588 |aDescription based on: July 1991; title from PDF caption.
588 |aLatest issue consulted: Spring 1996.
61010|aCanada. |bIndustry, Science and Technology Canada|xInformation resources management|vPeriodicals.
61010|aCanada. |bIndustry and Science Canada|xInformation resources management|vPeriodicals.
61010|aCanada. |bIndustry Canada|xInformation resources management|vPeriodicals.
655 7|aPeriodicals|2lcgft
7101 |aCanada. |bIndustry, Science and Technology Canada, |eissuing body.
7101 |aCanada. |bIndustry and Science Canada, |eissuing body.
7101 |aCanada. |bIndustry Canada, |eissuing body.
77508|tInterface.|w(CaOODSP)9.962791